Gas Turbine Theory; 50 years, 5/e (Record no. 293085)
[ view plain ]
| 000 -LEADER | |
|---|---|
| fixed length control field | 00330 a2200133 4500 |
| 001 - CONTROL NUMBER | |
| control field | 58012 |
| 082 ## - DEWEY DECIMAL CLASSIFICATION NUMBER | |
| Classification number | 629.1323 SAR |
| 090 ## - LOCALLY ASSIGNED LC-TYPE CALL NUMBER (OCLC); LOCAL CALL NUMBER (RLIN) | |
| -- | 35520 |
| -- | 35520 |
| 100 ## - MAIN ENTRY--PERSONAL NAME | |
| Personal name | Saravanamuttoo, HIH |
| -- | Rogers GFC |
| 245 ## - TITLE STATEMENT | |
| Title | Gas Turbine Theory; 50 years, 5/e |
| 250 ## - EDITION STATEMENT | |
| Edition statement | 5 |
| 260 ## - PUBLICATION, DISTRIBUTION, ETC. | |
| Place of publication, distribution, etc. | India |
| Name of publisher, distributor, etc. | Dorling Kindersley |
| Date of publication, distribution, etc. | 2006 |
| 600 ## - SUBJECT ADDED ENTRY--PERSONAL NAME | |
| Personal name | Cohen H. |
| 942 ## - ADDED ENTRY ELEMENTS (KOHA) | |
| Institution code [OBSOLETE] | NUST-CAE |
| Call number prefix | 629.1323 SAR |
| Withdrawn status | Lost status | Damaged status | Not for loan | Collection code | Permanent Location | Current Location | Date acquired | Total Checkouts | Full call number | Barcode | Date last seen | Price effective from | Koha item type |
|---|---|---|---|---|---|---|---|---|---|---|---|---|---|
| College of Aeronautical Engineering (CAE) | College of Aeronautical Engineering (CAE) | 04/03/2017 | 629.1323 SAR | CAE80418 | 04/05/2017 | 04/05/2017 | Book |
